Un nuevo orden urbano (Record no. 9080)

MARC details
000 -LEADER
campo de control de longitud fija 00927nam a2200241 i 4500
001 - NÚMERO DE CONTROL
campo de control 9080
003 - IDENTIFICADOR DE NÚMERO DE CONTROL
campo de control ES-MaACL
005 - FECHA Y HORA DE LA ÚLTIMA TRANSACCIÓN
campo de control 20230906145611.0
008 - DATOS DE LONGITUD FIJA--INFORMACIÓN GENERAL
campo de control de longitud fija 930203s1991 sp a |||| | spa d
020 ## - NÚMERO INTERNACIONAL ESTÁNDAR DEL LIBRO
Número Internacional Estándar del Libro 84-7088-502-2
080 ## - NÚMERO DE LA CLASIFICACIÓN DECIMAL UNIVERSAL
Número de la Clasificación Decimal Universal 711.432(464.1)"1939/1951"
100 1# - ENTRADA PRINCIPAL--NOMBRE DE PERSONA
Nombre de persona Diéguez Patao, Sofía.
9 (RLIN) 44584
245 13 - MENCIÓN DEL TÍTULO
Título Un nuevo orden urbano
Resto del título : "El gran Madrid" (1939-1951) /
Mención de responsabilidad, etc. Sofía Diéguez Patao ; prólogo de Pedro Bidagor Lasarte.
260 ## - PUBLICACIÓN, DISTRIBUCIÓN, ETC.
Lugar de publicación, distribución, etc. Madrid :
Nombre del editor, distribuidor, etc. Ministerio para las Administraciones Públicas :
-- Ayuntamiento de Madrid,
Fecha de publicación, distribución, etc. 1991.
300 ## - DESCRIPCIÓN FÍSICA
Extensión XLIX, 229 p. :
Otras características físicas il ;
Dimensiones 29 cm.
500 ## - NOTA GENERAL
Nota general Bibliografía: p. 207-229.
651 #4 - PUNTO DE ACCESO ADICIONAL DE MATERIA--NOMBRE GEOGRÁFICO
Nombre geográfico Urbanismo-
Subdivisión geográfica Madrid-
Subdivisión cronológica 1939-1975.
9 (RLIN) 195848
700 1# - ENTRADA AGREGADA--NOMBRE PERSONAL
Nombre de persona Bidagor Lasarte, Pedro,
Término indicativo de función/relación
9 (RLIN) 195849
710 1# - ENTRADA AGREGADA--NOMBRE DE ENTIDAD CORPORATIVA
Nombre de entidad corporativa o nombre de jurisdicción como elemento de entrada España.
Unidad subordinada Ministerio para las Administraciones Públicas.
9 (RLIN) 3945
710 1# - ENTRADA AGREGADA--NOMBRE DE ENTIDAD CORPORATIVA
Nombre de entidad corporativa o nombre de jurisdicción como elemento de entrada Madrid.
Unidad subordinada Ayuntamiento
9 (RLIN) 234069
852 ## - LOCALIZACIÓN
Ubicación ES-MaACL
Número de control de estantería L-16457
Holdings
Estatus retirado Estado de pérdida Estado de daño No para préstamo Biblioteca de origen Biblioteca actual Ubicación en estantería Fecha de adquisición Fuente de adquisición Total de préstamos Signatura topográfica completa Código de barras Visto por última vez Precio de reemplazo Tipo de ítem Koha
        Biblioteca del Ateneo de Madrid Biblioteca del Ateneo de Madrid Depósito 2 17/01/2008     L-16457 1009269 23/02/2023 23/02/2023 Libro impreso